000 00327 a2200097 4500
245 0 0 _aLampy elektronowe nadawcze - Ogólne wymagania i badania PN-75/T-06440 /
_cMin. Przem. Maszynowego.
246 1 3 _aPN-75/T-06440
246 1 3 _a621.385.001.4
260 _aWarszawa :
_bMin. Przem. Maszynowego,
_c1975.
300 _a5 stron ;
_c30 cm.
650 _aPolska norma
999 _c20652
_d20652